[Event "Novokuznetsk-ch op"]
[Site "Novokuznetsk"]
[Date "2007.11.24"]
[Round "4"]
[White "Bogachev, Alexandr"]
[Black "Pereboev, Ivan"]
[Result "1/2-1/2"]
[WhiteElo "2149"]
[BlackElo "2034"]
[PlyCount "101"]
[EventDate "2007.11.24"]
[EventType "swiss"]
[EventRounds "9"]
[EventCountry "RUS"]
[SourceTitle "EXT 2022"]
[Source "ChessBase"]
[SourceDate "2021.10.06"]
[SourceVersion "1"]
[SourceVersionDate "2021.10.06"]
[SourceQuality "1"]

1. d4 Nf6 2. e3 d5 3. Bd3 c5 4. c3 e6 5. Nd2 Nc6 6. f4 Bd6 7. Nh3 0-0 8. 0-0 b6 9. a3 Bb7 10. Nf2 Rc8 11. Qf3 Qc7 12. Qh3 g6 13. Ng4 Nxg4 14. Qxg4 f5 15. Qg3 Nd8 16. h4 Kh8 17. Nf3 Nf7 18. Bd2 c4 19. Be2 Rg8 20. Qh3 h5 21. Ng5 Nxg5 22. hxg5 Kg7 23. Rf3 b5 24. Kf2 a5 25. Qh2 Ra8 26. Rh3 Kf7 27. Bxh5 gxh5 28. Rxh5 Rg7 29. Rh6 Rag8 30. Qh5+ Ke7 31. Rh1 Kd7 32. Rf6 Be7 33. Rf7 Kd6 34. Rxg7 Rxg7 35. Qh8 Bd8 36. Rh6 Bc6 37. Qf8+ Qe7 38. Qxf5 Bd7 39. Qh3 Kc7 40. Qh2 Kb7 41. Qh5 Be8 42. Qh3 Bg6 43. Be1 Qf7 44. Kg1 Qf5 45. Qh4 Rh7 46. g4 Rxh6 47. gxh6 Bxh4 48. gxf5 Bxf5 49. Bxh4 Kc6 50. Bf6 Kd6 51. Bg7 1/2-1/2

[Event "Novokuznetsk-ch op"]
[Site "Novokuznetsk"]
[Date "2007.11.24"]
[Round "7"]
[White "Kokunin, Sergey"]
[Black "Pereboev, Ivan"]
[Result "1-0"]
[WhiteElo "2131"]
[BlackElo "2034"]
[PlyCount "97"]
[EventDate "2007.11.24"]
[EventType "swiss"]
[EventRounds "9"]
[EventCountry "RUS"]
[SourceTitle "EXT 2022"]
[Source "ChessBase"]
[SourceDate "2021.10.06"]
[SourceVersion "1"]
[SourceVersionDate "2021.10.06"]
[SourceQuality "1"]

1. e4 e6 2. g3 d5 3. e5 c5 4. Bg2 Nc6 5. f4 h5 6. Nf3 h4 7. c3 hxg3 8. hxg3 Rxh1+ 9. Bxh1 Nh6 10. d4 cxd4 11. cxd4 Nf5 12. g4 Ng3 13. Bg2 Ne4 14. Nc3 Be7 15. Be3 Qa5 16. Qb3 Bd7 17. Kf1 Qa6+ 18. Qb5 Nxc3 19. Qxa6 bxa6 20. bxc3 Rb8 21. Bc1 Na5 22. Nd2 Rc8 23. Nb1 Nc4 24. Ke2 Bb5 25. a4 Bd7 26. Kd3 Rb8 27. Nd2 Nb6 28. a5 Nc4 29. Nxc4 dxc4+ 30. Kc2 Bb5 31. Be3 Kd7 32. d5 Rh8 33. Rh1 Rxh1 34. Bxh1 Bd8 35. Bxa7 Bxa5 36. Bc5 f6 37. f5 exd5 38. e6+ Kc6 39. Bf8 Bc7 40. Bxg7 Bd8 41. Bf8 Bc7 42. Be7 Be5 43. g5 fxg5 44. f6 Bd6 45. Bd8 Bf8 46. e7 Bxe7 47. Bxe7 Kd7 48. Bxd5 g4 49. Bc5 1-0

[Event "Novokuznetsk-ch op"]
[Site "Novokuznetsk"]
[Date "2007.11.24"]
[Round "2"]
[White "Kotenko, Vadim"]
[Black "Pereboev, Ivan"]
[Result "1-0"]
[WhiteElo "2114"]
[BlackElo "2034"]
[PlyCount "123"]
[EventDate "2007.11.24"]
[EventType "swiss"]
[EventRounds "9"]
[EventCountry "RUS"]
[SourceTitle "EXT 2022"]
[Source "ChessBase"]
[SourceDate "2021.10.06"]
[SourceVersion "1"]
[SourceVersionDate "2021.10.06"]
[SourceQuality "1"]

1. d4 Nf6 2. Nf3 e6 3. Bg5 d5 4. c3 c5 5. e3 Nc6 6. Nbd2 Be7 7. Bd3 b6 8. Bb5 Bd7 9. Qa4 Qc8 10. Ne5 Nxe5 11. dxe5 Ng8 12. Nf3 h6 13. Bf4 a6 14. Bxd7+ Qxd7 15. Qxd7+ Kxd7 16. Rd1 Kc6 17. Ke2 g5 18. Bg3 h5 19. h3 Nh6 20. h4 g4 21. Ng5 Bxg5 22. hxg5 Nf5 23. Bf4 b5 24. f3 a5 25. e4 Ne7 26. fxg4 hxg4 27. Kf2 Ng6 28. Kg3 b4 29. exd5+ exd5 30. Kxg4 bxc3 31. bxc3 Nxf4 32. Kxf4 Rxh1 33. Rxh1 Kb5 34. Rh7 Rf8 35. Kf5 d4 36. cxd4 cxd4 37. Ke4 Kc4 38. Rh1 Rg8 39. Rc1+ Kb5 40. Kxd4 Rxg5 41. Rc2 Kb6 42. Ke4 a4 43. Kf4 Rg6 44. Kf5 Kb5 45. g4 Kb6 46. g5 Kb7 47. Rh2 Rg7 48. Rh4 a3 49. Ra4 Kc6 50. Rxa3 Rh7 51. Ra6+ Kd5 52. Rd6+ Kc5 53. Kf6 Rh5 54. Rd7 Rh2 55. Rxf7 Rxa2 56. Rd7 Rf2+ 57. Ke6 Rg2 58. Rg7 Kc6 59. g6 Rg1 60. Rg8 Kc7 61. g7 Rg3 62. Ra8 1-0